Fisioterapia: masajes, primeros auxilios, técnicas de vendaje
Gespeichert in:
| Hauptverfasser: | , , |
|---|---|
| Format: | Buch |
| Sprache: | Spanisch |
| Veröffentlicht: |
Barcelona
Paidotribo
2004
|
| Ausgabe: | 1a. ed |
| Schriftenreihe: | Fisioterapia y Terapias Manuales
|
| Schlagworte: | |
| Tags: |
Tag hinzufügen
Keine Tags, Fügen Sie den ersten Tag hinzu!
|
MARC
| LEADER | 00000nam a2200000 a 4500 | ||
|---|---|---|---|
| 001 | UCK1803 | ||
| 003 | CL-VaPUC | ||
| 008 | 041126e20040000SP |||||||||||||||||spa|d | ||
| 020 | |a 8480196645 | ||
| 082 | 0 | 4 | |a 615.82 |b HUT |2 21 |
| 100 | |a Hüter-Becker, A |e author |9 538353 | ||
| 700 | 0 | |a Schewe, H |e author |9 489698 | |
| 700 | 0 | |a Heipertz, W |e author |9 489699 | |
| 245 | 1 | 0 | |a Fisioterapia: masajes, primeros auxilios, técnicas de vendaje |
| 250 | |a 1a. ed | ||
| 300 | |a 334 p | ||
| 942 | |c BK | ||
| 945 | |d 20041126 00:00:00 |a cmena | ||
| 260 | |a Barcelona |b Paidotribo |c 2004 | ||
| 650 | 0 | |a Fisioterapia |9 307408 | |
| 650 | 7 | |a TRASTORNOS RESPIRATORIOS |2 CL-VaPUC |9 371094 | |
| 650 | 0 | |a Atención médica |9 337119 | |
| 650 | 7 | |a EQUIPO MEDICO |2 CL-VaPUC |9 370909 | |
| 650 | 7 | |a SISTEMA ESQUELETO MUSCULO |2 CL-VaPUC |9 334277 | |
| 650 | 0 | |a Primeros auxilios |9 308210 | |
| 650 | 0 | |a Vendajes |9 370907 | |
| 583 | |a last modification |c 20160907 01:40:36 |k Rodrigo Vera | ||
| 490 | 0 | |a Fisioterapia y Terapias Manuales | |
| 999 | |c 311615 |d 311613 | ||
| 952 | |0 0 |1 0 |4 0 |6 615_820000000000000_HUT_2004 |7 0 |8 A |9 381112 |a BIBCUR |b BIBCUR |d 2019-11-21 |i 4083660 |o 615.82 HUT 2004 |p 4083660 |r 2025-04-22 |w 2019-11-21 |y BK |k KIN | ||
| 952 | |0 0 |1 0 |4 0 |6 615_820000000000000_HUT_2004 |7 0 |8 A |9 381113 |a BIBCUR |b BIBCUR |d 2019-11-21 |i 4083679 |o 615.82 HUT 2004 |p 4083679 |r 2025-04-22 |w 2019-11-21 |y BK |k KIN | ||
| 952 | |0 0 |1 0 |4 0 |6 615_820000000000000_HUT_2004 |7 0 |8 A |9 381114 |a BIBCUR |b BIBCUR |d 2019-11-21 |i 4083687 |o 615.82 HUT 2004 |p 4083687 |r 2025-04-22 |w 2019-11-21 |y BK |k KIN | ||
| 952 | |0 0 |1 0 |4 0 |6 615_820000000000000_HUT_2004 |7 0 |8 A |9 381115 |a BIBCUR |b BIBCUR |d 2019-11-21 |i 4083695 |o 615.82 HUT 2004 |p 4083695 |r 2025-04-22 |w 2019-11-21 |y BK |k KIN | ||
| 952 | |0 0 |1 0 |4 0 |6 615_820000000000000_HUT_2004 |7 0 |8 A |9 381116 |a BIBCUR |b BIBCUR |d 2019-11-21 |i 1087185 |o 615.82 HUT 2004 |p 1087185 |r 2025-04-22 |w 2019-11-21 |y BK |k KIN | ||